Catálogo

LA INTERDEPENDENCIA EN LA FRONTERA NORTE : (Registro nro. 57779)

Detalles MARC
000 -LEADER
fixed length control field 01094nam a2200205 a 4500
001 - CONTROL NUMBER
control field 57779
005 - DATE AND TIME OF LATEST TRANSACTION
control field 20180714054115.0
008 - FIXED-LENGTH DATA ELEMENTS--GENERAL INFORMATION
fixed length control field 140415s1990 mx 000 0 spa d
020 ## - INTERNATIONAL STANDARD BOOK NUMBER
International Standard Book Number 9682923751
041 ## - LANGUAGE CODE
Language code of text/sound track or separate title spa
082 ## - DEWEY DECIMAL CLASSIFICATION NUMBER
Classification number 307.76
Item number MES
100 1# - MAIN ENTRY--PERSONAL NAME
Personal name MESSMACHER, MIGUEL
245 13 - TITLE STATEMENT
Title LA INTERDEPENDENCIA EN LA FRONTERA NORTE :
Remainder of title (POBLACION, INDUSTRIAL, COMERCIO Y TURISMO EN LA REGION DE PIEDRAS NEGRAS COAHUILA)
250 ## - EDITION STATEMENT
Edition statement 1a ed.
260 ## - PUBLICATION, DISTRIBUTION, ETC.
Place of publication, distribution, etc. MEXICO :
Name of publisher, distributor, etc. CONSEJO NACIONAL PARA LA CULTURA Y LAS ARTES,
Date of publication, distribution, etc. 1990
300 ## - PHYSICAL DESCRIPTION
Extent 229
Dimensions 13.2 x 1.2 x 21
490 ## - SERIES STATEMENT
Series statement REGIONES
520 ## - SUMMARY, ETC.
Summary, etc. SEÑALAR LA IMPORTANCIA DE LOS FENŇMENOS DE INTERDEPENDENCIA EN LA FRONTERA MÉXICO-NORTEAMÉRICANA Y DENUNCIAR ALGUNOS DE LOSMITOS ASOCIADOS A SU CONOCIMIENTO Y EXPLICACIŇN ES UNO DE LOS PROPŇSITOS PRINCIPALES DEL LIBRO. NO OBSTANTE, EL AREA DE ESTUDIO SE REFIERE ESPECÄšFICAMENTE A UNA SOLA REGIŇN DE LA FRONTERA NORTE.
650 14 - SUBJECT ADDED ENTRY--TOPICAL TERM
Topical term or geographic name entry element SOCIOLOGIA URBANA
General subdivision ECONOMIA
-- INDUSTRIA MANUFACTURERA
-- TURISMO
-- ASPECTOS SOCIALES Y CULTURALES
-- PIEDRAS NEGRAS COAHUILA
-- CONDICIONES ECONOMICAS
Existencias
Withdrawn status Lost status Source of classification or shelving scheme Damaged status Not for loan Collection code Home library Current library Shelving location Date acquired Source of acquisition Inventory number Total Checkouts Full call number Barcode Date last seen Price effective from Koha item type
    Dewey Decimal Classification     General Biblioteca Karol Wojtyla Biblioteca Karol Wojtyla Sala general 03/12/2013 Compra 151000000000000000053125   307.76 MES 87263 05/01/2026 03/12/2013 Libro